000 00524nmm a2200169Ia 4500
008 251105s9999||||xx |||||||||||||||||und||
020 _a9789588869483
041 _aspa
100 _aMontoya Valencia, Daniel
245 0 _aEl polígrafo, ¿vulnera las garantías constitucionales del Derecho Laboral colombiano?
264 _a[Bogotá, Colombia] :
_bEdiciones Unaula,
_c2016
300 _a56 páginas
490 _aDietarios
650 _aLaw
856 _uhttps://public.digitaliapublishing.com/a/49635
942 _cCF
999 _c96664
_d96664